000 02150nam a22001937a 4500
005 20260401114023.0
008 250212b |||||||| |||| 00| 0 eng d
082 _22024
_aUT
100 _aMagantor, Lendy D.
_965076
245 _aExploring students' attitude towards laro ng lahi /
_cLendy D. Magantor, Kriza Pearl L. Rollon, and Babyjoy T. Salvaña
260 _aDigos City :
_bUMDC,
_c©May 2024.
300 _aix, 40 pages :
_billustration (some colors) ;
_c29 cm.
500 _aIncludes references and appendices.
520 _aLaro ng Lahi, or traditional Filipino games, hold a significant place in the cultural identity of the Philippines. These games have been a part of the Filipino culture for centuries and have been passed down from generation to generation. However, in recent years, there has been a noticeable decline in the popularity and practice of these traditional games among the Filipino youth. This research aimed to explore students' attitudes towards Laro ng Lahi. Mainly, it investigated the factor structure and attitudes of 300 students towards Laro ng Lahi. It also examined the understanding and perceptions of Laro ng Lahi among 12 participants. This study used a mixed method of research involving in-depth interviews and Principal Component Analysis for dimension reduction. The results showed that attitudes towards Laro ng Lahi are multifaceted, encompassing seven factors: engagement, cultural engagement, digital preference, digital preservation, technology impact, cultural responsibility, and community support. Additionally, the students' perception of students showed that laro ng lahi is still alive and can bring different happiness. Thus, the researchers recommend that administrators and advisers develop an action plan to effectively incorporate the study of traditional games to maintain their significance, help students understand the importance of such games, and recalibrate the result of the study using Confirmatory Factor Analysis
650 0 _aEducation
_xUndergraduate thesis.
_970414
700 _aRollon, Kriza Pearl D.
_965077
700 _aSalvaña, Babyjoy T.
_965078
942 _2ddc
_cUT
999 _c23387
_d23387